[Event "World Junior U20 Girls 2018"]
[Site "Gebze"]
[Date "2018.09.12"]
[Round "8"]
[White "Tsolakidou, Stavroula"]
[Black "Kubicka, Anna"]
[Result "1/2-1/2"]
[WhiteElo "2393"]
[BlackElo "2204"]
[Annotator "NA"]
[PlyCount "70"]
[EventDate "2018.09.05"]
[EventType "swiss"]
[EventCountry "TUR"]
[SourceTitle "playchess.com"]
[Source "ChessBase"]
[SourceQuality "1"]
[TimeControl "40/5400+30:1800+30"]

1. e4 {[%emt 0:00:30]} c6 {[%emt 0:00:30]} 2. d4 {[%emt 0:00:30]} d5 {[%emt 0:00:00]} 3. exd5 {[%emt 0:00:30]} cxd5 {[%emt 0:00:00]} 4. Bd3 {[%emt 0:00:00]} Nc6 {[%emt 0:00:30]} 5. c3 {[%emt 0:00:00]} Qc7 {[%emt 0:01:30]} 6. Na3 {[%emt 0:01:30]} a6 {[%emt 0:02:30]} 7. Nc2 {[%emt 0:00:30]} Nf6 {[%emt 0:04:30]} 8. h3 {[%emt 0:00:30]} g6 {[%emt 0:03:30]} 9. Ne2 {[%emt 0:02:30]} Bf5 {[%emt 0:04:30]} 10. Bxf5 {[%emt 0:05:30]} gxf5 {[%emt 0:00:30]} 11. Bg5 {[%emt 0:00:30]} Ne4 {[%emt 0:03:30]} 12. Bf4 {[%emt 0:00:00]} Qd7 {[%emt 0:01:30]} 13. f3 {[%emt 0:02:00]} Nf6 {[%emt 0:02:30]} 14. g4 {[%emt 0:00:30]} Bg7 {[%emt 0:24:30]} 15. Qd3 {[%emt 0:00:30]} fxg4 {[%emt 0:01:30]} 16. hxg4 {[%emt 0:00:30]} h5 {[%emt 0:03:30]} 17. g5 {[%emt 0:08:30]} Ng8 {[%emt 0:00:30]} 18. Ng3 {[%emt 0:01:30]} e5 {[%emt 0:02:30]} 19. dxe5 {[%emt 0:03:30]} Bxe5 {[%emt 0:00:30]} 20. Bxe5 {[%emt 0:06:30]} Nxe5 {[%emt 0:00:30]} 21. Qe3 {[%emt 0:00:00]} O-O-O {[%emt 0:01:30]} 22. O-O-O {[%emt 0:00:00]} Nc4 {[%emt 0:03:30]} 23. Qf4 {[%emt 0:03:30]} Ne7 {[%emt 0:02:30]} 24. Nxh5 {[%emt 0:03:30]} Ng6 {[%emt 0:01:30]} 25. Qf6 {[%emt 0:03:30]} Rhe8 {[%emt 0:07:30]} 26. Rh2 {[%emt 0:05:30]} Re6 {[%emt 0:06:30]} 27. Qf5 {[%emt 0:02:30]} Nxb2 {[%emt 0:02:43]} 28. Nf6 {[%emt 0:02:30]} Qc7 {[%emt 0:03:30]} 29. Rdd2 {[%emt 0:32:22]} Qxc3 {[%emt 0:07:55]} 30. Nxd5 {[%emt 0:00:33]} Rxd5 {[%emt 0:01:09]} 31. Rxd5 {[%emt 0:00:05]} Nc4 {[%emt 0:00:31]} 32. Kd1 {[%emt 0:02:28]} Nb2+ {[%emt 0:06:57]} 33. Kc1 {[%emt 0:00:04]} Nc4 {[%emt 0:00:09]} 34. Kd1 {[%emt 0:00:04]} Nb2+ {[%emt 0:01:27]} 35. Kc1 {[%emt 0:00:30]} Nc4 {[%emt 0:00:08]} 1/2-1/2

[Event "World Junior U20 Girls 2018"]
[Site "Gebze"]
[Date "2018.09.12"]
[Round "8"]
[White "Assaubayeva, Bibisara"]
[Black "Sliwicka, Alicja"]
[Result "1-0"]
[WhiteElo "2371"]
[BlackElo "2272"]
[Annotator "TA"]
[PlyCount "169"]
[EventDate "2018.09.05"]
[EventType "swiss"]
[EventCountry "TUR"]
[SourceTitle "playchess.com"]
[Source "ChessBase"]
[SourceQuality "1"]

{[%evp 17,169,8,7,12,26,-12,10,-19,91,95,86,80,98,60,53,51,60,58,63,-6,43,8,58,47,80,70,98,79,119,39,38,25,26,33,27,17,84,16,121,128,122,58,43,53,57,47,52,-145,-139,-136,-145,-145,-70,-65,-63,-81,-53,-46,-71,-160,-129,-164,-156,-150,-153,-141,-155,-241,-232,-226,-67,-101,-113,-102,-101,-266,-266,-266,-266,-427,-256,-264,-271,-277,-236,-779,-416,-751,-762,-683,-153,-164,-114,-149,-35,-35,0,-8,0,0,0,0,0,0,8,-5,12,0,254,251,252,152,83,81,89,35,4137,4137,4137,4135,29973,29971,29973,29974,29976,29976,29979,29978,29982,29981,29983,29984,29984,29985,29985,29985,29987,29987,29989,29986,29985,29986,29987,29988,29986,29987,29989,29986,29985,29986,29990,29991,29991,29991]} 1. Nf3 c5 2. c4 Nc6 3. Nc3 e5 4. g3 g6 5. Bg2 Bg7 6. O-O Nge7 7. a3 d6 8. b4 Be6 {A37: Symmetrical English vs ...g6: 4 Bg2 Bg7 5 Nf3} (8... e4 9. Ne1 Be6 10. Bxe4 Bxc4 11. Rb1 O-O 12. Bg2 Rc8 13. d3 Be6 14. Ne4 cxb4 15. axb4 Nd5 16. b5 {1-0 (33) Iturrizaga Bonelli,E (2658)-Mista,A (2595) Germany 2017}) 9. bxc5 dxc5 {LiveBook: 3 Games} 10. Rb1 Qd7 {The position is equal.} 11. d3 h6 12. Bd2 O-O (12... Rd8 $11) 13. Ne4 $16 b6 14. Bxh6 $1 f6 $146 ({Predecessor:} 14... Bh3 15. Bd2 Bxg2 16. Kxg2 {1-0 (60) Gonda,L (2547)-Bystrov,S (2291) Pardubice 2012}) 15. Bxg7 Kxg7 16. h4 Rh8 17. Qd2 Rh5 18. Kh2 (18. Rfd1 $14) 18... Rd8 19. Rbd1 Ng8 20. Kg1 Nh6 21. Nh2 Nf7 22. f4 $1 $36 {[%mdl 2048] Keeping Black busy.} f5 23. Nc3 (23. Ng5 $16) 23... Bxc4 $1 $14 24. dxc4 Qxd2 25. Rxd2 Rxd2 26. Bxc6 Rc2 (26... exf4 $1 $11 27. Rxf4 Rc2) 27. Nb5 ({Better is} 27. Nd5 $16) 27... Rh8 (27... exf4 $11 28. Rxf4 Ne5 29. Nxa7 Rxe2) 28. e4 $16 exf4 {White must now prevent ...Ne5.} 29. Rxf4 (29. exf5 $16 fxg3 30. f6+ Kh6 31. Nf3 (31. Ng4+ Kh5 $16)) 29... Rxc4 $14 30. Bd5 Rc1+ 31. Nf1 $1 Nh6 32. e5 $2 (32. Kg2 $14 {keeps the upper hand.}) 32... Ng4 $17 33. e6 Nf6 34. Bc6 Re1 (34... a6 $1 $17 {[%cal Ra6b5]} 35. Nd6 Rd8) 35. Nxa7 $15 Rxe6 36. Bf3 Rd8 {[%mdl 1024] Black has strong compensation.} 37. Nb5 $1 Rd3 38. Kf2 ({White should play} 38. h5) 38... Rb3 $17 39. a4 Rb2+ 40. Kg1 Re1 41. Bg2 Ra1 42. Nc3 (42. Bc6 $17 {keeps fighting.}) 42... Rb3 43. Ne2 Re3 $2 (43... Nh5 $19 44. Rf3 c4) 44. Kf2 Rea3 45. Bc6 Ng4+ 46. Kg1 $2 {[#]} (46. Rxg4 $17 {was the only chance.} fxg4 47. Ne3) 46... c4 $1 $19 {[%cal Bc5c4,Bc4c3][%mdl 544]} 47. Bb5 (47. Rxc4 Rxf1+) 47... c3 48. Bd3 $2 (48. Rc4 Rxf1+ 49. Kxf1 Ne3+ 50. Kf2 Nxc4 51. Bxc4) 48... Rxa4 (48... Ne5 $142 49. Bc2 R3a2) 49. Rxa4 Rxa4 50. h5 Ra1 ({Don't play} 50... gxh5 51. Bxf5 Ra3 52. Bxg4 $19) 51. Kg2 $2 (51. Nxc3 Ra3 52. hxg6) 51... Ne5 {Threatens to win with ...Ra2.} 52. Bc2 (52. Bb5 $142 c2 53. Ne3) 52... Ra2 53. Nd4 {[#]} gxh5 $2 (53... Nc6 $1 $19 {[%mdl 512] has better winning chances.} 54. Nxc6 Rxc2+ 55. Kf3 Rf2+ $1 {[%mdl 512]} 56. Kxf2 c2) 54. Ne3 $17 Ng4 55. Nd5 {[#]} b5 (55... Ra5 $1 $17 {[%cal Ra5d5]} 56. Nxf5+ Kf8) 56. Kf3 $15 Ra1 57. Kf4 Nf6 58. Nxf5+ Kf7 59. Nxc3 b4 60. Nb5 Ra5 61. Nbd4 Rc5 62. Kg5 {aiming for Bb3+.} Nd5 $2 {[%mdl 8192] [#]} (62... Nh7+ $11 {and Black is okay.} 63. Kxh5 Kf6) 63. Bb3 $1 $18 {Strongly threatening Ne3.} ({Stronger than} 63. Kxh5 Ne3 $11) 63... Ke8 64. Ne6 ({Much less strong is} 64. Kxh5 $6 Ne3 $16) 64... Rc3 65. Bxd5 b3 66. Nd6+ (66. Ned4 $16 b2 67. Be4) 66... Kd7 $2 {[%mdl 8192]} (66... Ke7 $14) 67. Ne4 Re3 {[#]} 68. Bxb3 $1 Ke7 (68... Rxb3 69. N6c5+) 69. N6c5 {White mates.} Kf8 70. Kxh5 Kg7 71. g4 Rh3+ 72. Kg5 Rf3 73. Bd5 Kh8 74. Ne6 Ra3 75. Kf5 Ra5 76. Ke5 Ra1 77. g5 Rg1 78. Nf4 Kg7 79. Kf5 Rf1 80. Ng3 Rg1 81. Ngh5+ Kh7 82. Nf6+ Kg7 83. g6 Kh6 84. Ng4+ Kg7 85. Nh5+ {Precision: White = 36%, Black = 38%.} 1-0

[Event "World Junior U20 Girls 2018"]
[Site "Gebze"]
[Date "2018.09.12"]
[Round "8"]
[White "Tokhirjonova, Gulrukhbegim"]
[Black "Gorti, Akshita"]
[Result "1-0"]
[WhiteElo "2369"]
[BlackElo "2315"]
[Annotator "NA"]
[PlyCount "131"]
[EventDate "2018.09.05"]
[EventType "swiss"]
[EventCountry "TUR"]
[SourceTitle "playchess.com"]
[Source "ChessBase"]
[SourceQuality "1"]
[TimeControl "40/5400+30:1800+30"]

1. e4 {[%emt 0:01:30]} e6 {[%emt 0:00:30]} 2. d4 {[%emt 0:00:30]} d5 {[%emt 0:00:00]} 3. Nd2 {[%emt 0:00:30]} c5 {[%emt 0:00:00]} 4. Ngf3 {[%emt 0:00:30]} cxd4 {[%emt 0:02:30]} 5. Nxd4 {[%emt 0:01:30]} Nf6 {[%emt 0:00:30]} 6. exd5 {[%emt 0:01:30]} Nxd5 {[%emt 0:03:30]} 7. N2f3 {[%emt 0:00:30] C07: French Tarrasch: 3...c5, 4 Ngf3 and 4 exd5 Qxd5} Bb4+ {[%emt 0:03:30]} 8. Bd2 {[%emt 0:03:30]} Bxd2+ {[%emt 0:08:30]} (8... O-O 9. c3 Be7 10. Bd3 b6 11. O-O Bb7 12. Qe2 Nc6 13. Rad1 Nxd4 14. Nxd4 Bf6 {0-1 (38) Gao,R (2561)-Yu,Y (2759) Tianjin 2018}) 9. Qxd2 {[%emt 0:01:30]} O-O {[%emt 0:02:30]} 10. Bc4 {[%emt 0:10:30]} b6 {[%emt 0:08:30]} 11. O-O {[%emt 0:02:30]} Bb7 {[%emt 0:00:30]} 12. Rfe1 {[%emt 0:02:30]} Qf6 {[%emt 0:11:30]} 13. Qg5 $146 {[%emt 0:09:30]} ({Predecessor:} 13. Ng5 Rc8 14. Ne4 Qe7 15. Bxd5 Bxd5 {0-1 (27) Vazquez,G (2438)-Shetty,A (2331) Chicago 2015}) 13... Nd7 {[%emt 0:03:30]} 14. Bf1 {[%emt 0:02:30]} Qxg5 {[%emt 0:03:30]} 15. Nxg5 {[%emt 0:00:30]} N7f6 {[%emt 0:01:30]} 16. c4 {[%emt 0:02:30]} Ne7 {[%emt 0:06:30]} 17. Rad1 {[%emt 0:05:30]} Rfd8 {[%emt 0:04:30]} 18. Ngf3 {[%emt 0:11:30]} Ng6 {[%emt 0:00:30]} 19. g3 {[%emt 0:03:30]} Rd7 {[%emt 0:11:30]} 20. Be2 {[%emt 0:01:30]} Rad8 {[%emt 0:02:30]} 21. Nb5 {[%emt 0:03:30]} a6 {[%emt 0:03:30]} 22. Nc3 {[%emt 0:00:30]} Bc6 {[%emt 0:01:30]} 23. Rxd7 {[%emt 0:06:30]} Rxd7 {[%emt 0:00:30]} 24. Rd1 {[%emt 0:00:30]} Rxd1+ {[%emt 0:03:40]} 25. Bxd1 {[%emt 0:00:30]} Ne4 {[%emt 0:01:27]} 26. Nxe4 {[%emt 0:05:30]} Bxe4 {[%emt 0:00:02]} 27. Kf1 {[%emt 0:00:00]} Kf8 {[%emt 0:01:27]} 28. Ke1 {[%emt 0:03:00]} Ke7 {[%emt 0:01:15]} 29. Kd2 {[%emt 0:00:30]} f6 {[%emt 0:01:59]} 30. Kc3 {[%emt 0:00:00]} Kd6 {[%emt 0:00:06]} 31. Nd2 {[%emt 0:00:00]} Bb7 {[%emt 0:02:04]} 32. b4 {[%emt 0:01:30]} e5 {[%emt 0:03:31]} 33. Nb3 {[%emt 0:00:59]} Ne7 {[%emt 0:00:09]} 34. c5+ {[%emt 0:01:37]} Kc7 {[%emt 0:00:58]} 35. cxb6+ {[%emt 0:01:42]} Kxb6 {[%emt 0:00:03]} 36. a4 {[%emt 0:00:22]} Bc8 {[%emt 0:03:41]} 37. a5+ {[%emt 0:01:51]} Kc6 {[%emt 0:02:40]} 38. Nc5 {[%emt 0:00:57]} f5 {[%emt 0:01:02]} 39. Kc4 {[%emt 0:04:32]} Kd6 {[%emt 0:02:56]} 40. b5 {[%emt 0:00:00]} axb5+ {[%emt 0:00:46]} 41. Kxb5 {[%emt 0:06:30]} Nd5 {[%emt 0:03:14]} 42. Kc4 {[%emt 0:04:30]} Nc7 {[%emt 0:06:30]} 43. Be2 {[%emt 0:09:30]} Na6 {[%emt 0:02:49]} 44. Na4 {[%emt 0:00:30]} Nb8 {[%emt 0:05:43]} 45. Kc3 {[%emt 0:00:30]} Na6 {[%emt 0:06:33]} 46. h4 {[%emt 0:04:22]} Bb7 {[%emt 0:01:40]} 47. h5 {[%emt 0:01:39]} Nc7 {[%emt 0:02:23]} 48. Bd3 {[%emt 0:01:01]} Bc6 {[%emt 0:01:59]} 49. Kb3 {[%emt 0:03:57]} e4 {[%emt 0:00:27]} 50. Bc4 {[%emt 0:01:25]} Bb7 {[%emt 0:03:18]} 51. Kc3 {[%emt 0:00:46]} Bc6 {[%emt 0:00:57]} 52. Nb6 {[%emt 0:01:58]} Kc5 {[%emt 0:00:24]} 53. Nc8 {[%emt 0:00:26]} Bd7 {[%emt 0:00:37]} 54. Nb6 {[%emt 0:00:46]} Bc6 {[%emt 0:00:25]} 55. Bg8 {[%emt 0:02:21]} h6 {[%emt 0:00:37]} 56. Bc4 {[%emt 0:03:07]} Be8 {[%emt 0:00:18]} 57. Be2 {[%emt 0:00:34]} Bc6 {[%emt 0:00:25]} 58. Kd2 {[%emt 0:01:41]} Ne6 {[%emt 0:00:50]} 59. Ke3 {[%emt 0:01:12]} Nd4 {[%emt 0:00:24]} 60. Bd1 {[%emt 0:00:08]} Ne6 {[%emt 0:00:28]} 61. Nc8 {[%emt 0:00:58]} Kb5 {[%emt 0:00:37]} 62. Na7+ {[%emt 0:00:32]} Kc5 {[%emt 0:00:02]} 63. Nxc6 {[%emt 0:00:21]} Kxc6 $18 {[%emt 0:00:30]} 64. Ba4+ {[%emt 0:00:12]} Kd6 {[%emt 0:01:20]} 65. a6 {[%emt 0:00:09]} Nc7 {[%emt 0:00:09]} 66. a7 {[%emt 0:00:25]} 1-0

[Event "World Junior U20 Girls 2018"]
[Site "Gebze"]
[Date "2018.09.12"]
[Round "8"]
[White "Zhu, Jiner"]
[Black "Paramzina, Anastasya"]
[Result "0-1"]
[WhiteElo "2364"]
[BlackElo "2222"]
[Annotator "NA"]
[PlyCount "98"]
[EventDate "2018.09.05"]
[EventType "swiss"]
[EventCountry "TUR"]
[SourceTitle "playchess.com"]
[Source "ChessBase"]
[SourceQuality "1"]
[TimeControl "40/5400+30:1800+30"]

1. e4 {[%emt 0:00:30]} c5 {[%emt 0:01:30]} 2. Nf3 {[%emt 0:00:30]} d6 {[%emt 0:00:30]} 3. d4 {[%emt 0:00:30]} cxd4 {[%emt 0:00:00]} 4. Nxd4 {[%emt 0:00:00]} Nf6 {[%emt 0:00:00]} 5. Nc3 {[%emt 0:00:00]} a6 {[%emt 0:00:30]} 6. Be3 {[%emt 0:00:00]} e5 {[%emt 0:00:00]} 7. Nb3 {[%emt 0:00:00]} Be7 {[%emt 0:00:00]} 8. h3 {[%emt 0:00:00]} Be6 {[%emt 0:00:00]} 9. f4 {[%emt 0:00:00]} exf4 {[%emt 0:00:00]} 10. Bxf4 {[%emt 0:00:00]} O-O {[%emt 0:01:30]} 11. Qe2 {[%emt 0:00:00]} Nc6 {[%emt 0:00:30]} 12. O-O-O {[%emt 0:00:30]} Nd7 {[%emt 0:00:30]} 13. Kb1 {[%emt 0:02:30]} Bf6 {[%emt 0:00:00]} 14. Nd5 {[%emt 0:02:30]} Be5 {[%emt 0:04:00]} 15. Bxe5 {[%emt 0:00:30]} Ndxe5 {[%emt 0:01:30]} 16. g4 {[%emt 0:00:00]} b5 {[%emt 0:03:30]} 17. Qf2 {[%emt 0:06:00]} Rb8 {[%emt 0:06:30]} 18. Be2 {[%emt 0:05:30]} a5 {[%emt 0:01:30]} 19. Nd4 {[%emt 0:00:30]} Bxd5 {[%emt 0:04:30]} 20. exd5 {[%emt 0:00:30]} Nxd4 {[%emt 0:00:00]} 21. Rxd4 {[%emt 0:01:30]} b4 {[%emt 0:01:00]} 22. Bd3 {[%emt 0:02:30]} a4 {[%emt 0:02:30]} 23. Rf1 {[%emt 0:08:30]} Re8 {[%emt 0:15:30]} 24. h4 {[%emt 0:09:30]} Qb6 {[%emt 0:01:30]} 25. b3 {[%emt 0:17:30]} a3 {[%emt 0:04:30]} 26. h5 {[%emt 0:05:30]} Nf3 {[%emt 0:16:30]} 27. Re4 {[%emt 0:01:30]} Qxf2 {[%emt 0:03:30]} 28. Rxf2 {[%emt 0:00:00]} Rxe4 {[%emt 0:00:30]} 29. Bxe4 {[%emt 0:00:00]} Re8 {[%emt 0:01:30]} 30. Rxf3 {[%emt 0:00:30]} Rxe4 {[%emt 0:00:30]} 31. c3 {[%emt 0:00:00]} Rxg4 {[%emt 0:00:30]} 32. cxb4 {[%emt 0:00:00]} Rxb4 {[%emt 0:08:30]} 33. Kc2 {[%emt 0:02:30]} Rd4 {[%emt 0:11:57]} 34. Kc3 {[%emt 0:00:30]} Rxd5 {[%emt 0:00:30]} 35. b4 {[%emt 0:00:00]} Rxh5 {[%emt 0:01:29]} 36. Kc4 {[%emt 0:00:00]} Rh4+ {[%emt 0:06:10]} 37. Kb3 {[%emt 0:00:30]} g5 {[%emt 0:01:18]} 38. b5 {[%emt 0:00:00]} Re4 {[%emt 0:02:51]} 39. b6 {[%emt 0:01:00]} Re7 {[%emt 0:00:17]} 40. Rf5 {[%emt 0:00:00]} h6 {[%emt 0:00:00]} 41. Kxa3 {[%emt 0:01:00]} Rb7 {[%emt 0:02:58]} 42. Rb5 {[%emt 0:00:00]} f5 {[%emt 0:00:00]} 43. Kb4 {[%emt 0:09:00]} g4 {[%emt 0:07:00]} 44. Kc4 {[%emt 0:18:30]} g3 {[%emt 0:01:30]} 45. Rb2 {[%emt 0:00:30]} f4 {[%emt 0:02:30]} 46. Kd3 {[%emt 0:06:30]} f3 {[%emt 0:01:30]} 47. Rb1 {[%emt 0:00:30]} Re7 {[%emt 0:06:47]} 48. b7 {[%emt 0:03:30]} Rxb7 {[%emt 0:00:43]} 49. Rxb7 {[%emt 0:00:00]} g2 {[%emt 0:00:05]} 0-1

[Event "World Junior U20 Girls 2018"]
[Site "Gebze"]
[Date "2018.09.12"]
[Round "8"]
[White "Khomeriki, Nino"]
[Black "Maltsevskaya, Aleksandra"]
[Result "1/2-1/2"]
[WhiteElo "2313"]
[BlackElo "2234"]
[Annotator "NA"]
[PlyCount "51"]
[EventDate "2018.09.05"]
[EventType "swiss"]
[EventCountry "TUR"]
[SourceTitle "playchess.com"]
[Source "ChessBase"]
[SourceQuality "1"]
[TimeControl "40/5400+30:1800+30"]

1. d4 {[%emt 0:00:30]} Nf6 {[%emt 0:00:30]} 2. Nf3 {[%emt 0:00:00]} e6 {[%emt 0:00:00]} 3. c4 {[%emt 0:01:00]} d5 {[%emt 0:00:00]} 4. Nc3 {[%emt 0:00:30]} Be7 {[%emt 0:00:30]} 5. Bg5 {[%emt 0:03:30]} Nbd7 {[%emt 0:00:30]} 6. e3 {[%emt 0:00:30]} h6 {[%emt 0:00:30]} 7. Bh4 {[%emt 0:00:30]} O-O {[%emt 0:00:30]} 8. Bd3 {[%emt 0:00:00]} c5 {[%emt 0:01:30]} 9. O-O {[%emt 0:00:00]} b6 {[%emt 0:20:30]} 10. cxd5 {[%emt 0:21:30]} Nxd5 {[%emt 0:01:30]} 11. Bxe7 {[%emt 0:01:30]} Qxe7 {[%emt 0:04:30]} 12. Nxd5 {[%emt 0:01:30]} exd5 {[%emt 0:00:00]} 13. dxc5 {[%emt 0:07:30]} bxc5 {[%emt 0:00:00]} 14. Qa4 {[%emt 0:03:30]} Ne5 {[%emt 0:14:30]} 15. Nxe5 {[%emt 0:02:30]} Qxe5 {[%emt 0:00:30]} 16. Qc6 {[%emt 0:03:30]} Rb8 {[%emt 0:01:30]} 17. b3 {[%emt 0:01:30]} Qg5 {[%emt 0:15:30]} 18. h4 {[%emt 0:12:30]} Qxh4 {[%emt 0:03:30]} 19. Qxc5 {[%emt 0:00:30]} Rb6 {[%emt 0:19:35]} 20. Rac1 {[%emt 0:06:30]} Bb7 {[%emt 0:08:38]} 21. Rfd1 {[%emt 0:04:30]} Rf6 {[%emt 0:03:39]} 22. Rc2 {[%emt 0:07:30]} Qg4 {[%emt 0:01:50]} 23. Be2 {[%emt 0:09:19]} Qf5 {[%emt 0:00:04]} 24. Bd3 {[%emt 0:00:18]} Qg4 {[%emt 0:00:05]} 25. Be2 {[%emt 0:09:26]} Qf5 {[%emt 0:00:05]} 26. Bd3 {[%emt 0:00:17]} 1/2-1/2

[Event "World Junior U20 Girls 2018"]
[Site "Gebze"]
[Date "2018.09.12"]
[Round "8"]
[White "Potapova, Margarita"]
[Black "Dordzhieva, Dinara"]
[Result "1/2-1/2"]
[WhiteElo "2277"]
[BlackElo "2318"]
[Annotator "NA"]
[PlyCount "64"]
[EventDate "2018.09.05"]
[EventType "swiss"]
[EventCountry "TUR"]
[SourceTitle "playchess.com"]
[Source "ChessBase"]
[SourceQuality "1"]
[TimeControl "40/5400+30:1800+30"]

1. e4 {[%emt 0:00:30]} c5 {[%emt 0:00:30]} 2. Nc3 {[%emt 0:00:30]} Nc6 {[%emt 0:00:00]} 3. Bb5 {[%emt 0:00:30]} Nd4 {[%emt 0:02:00]} 4. Nf3 {[%emt 0:00:00]} Nxb5 {[%emt 0:00:30]} 5. Nxb5 {[%emt 0:00:00]} d6 {[%emt 0:00:30]} 6. d4 {[%emt 0:00:30]} Bd7 {[%emt 0:09:30]} 7. Nc3 {[%emt 0:01:30]} cxd4 {[%emt 0:00:30]} 8. Qxd4 {[%emt 0:00:30]} e5 {[%emt 0:01:30]} 9. Qd3 {[%emt 0:05:30]} h6 {[%emt 0:00:30]} 10. O-O {[%emt 0:03:30]} Nf6 {[%emt 0:00:30]} 11. Nd2 {[%emt 0:01:30]} Rc8 {[%emt 0:11:30]} 12. Nc4 {[%emt 0:08:30]} Be6 {[%emt 0:03:30]} 13. Ne3 {[%emt 0:00:30]} Be7 {[%emt 0:00:30]} 14. Ncd5 {[%emt 0:10:30]} Nxd5 {[%emt 0:15:30]} 15. Nxd5 {[%emt 0:00:30]} Bxd5 {[%emt 0:00:30]} 16. Qxd5 {[%emt 0:03:30]} Qd7 {[%emt 0:00:00]} 17. c3 {[%emt 0:14:30]} Qc6 {[%emt 0:02:00]} 18. Rd1 {[%emt 0:00:30]} O-O {[%emt 0:02:30]} 19. Be3 {[%emt 0:00:30]} a6 {[%emt 0:04:30]} 20. a4 {[%emt 0:05:30]} Qxd5 {[%emt 0:03:30]} 21. Rxd5 {[%emt 0:00:30]} Rc4 {[%emt 0:00:00]} 22. f3 {[%emt 0:00:30]} f5 {[%emt 0:00:00]} 23. exf5 {[%emt 0:00:30]} Rxf5 {[%emt 0:00:30]} 24. a5 {[%emt 0:03:30]} Kf7 {[%emt 0:01:30]} 25. Bb6 {[%emt 0:01:30]} Ke6 {[%emt 0:00:30]} 26. Rad1 {[%emt 0:00:30]} e4 {[%emt 0:06:30]} 27. Rxf5 {[%emt 0:16:30]} Kxf5 {[%emt 0:00:00]} 28. Bd4 {[%emt 0:02:46]} exf3 {[%emt 0:02:00]} 29. Rf1 {[%emt 0:00:18]} g6 {[%emt 0:03:30]} 30. Rxf3+ {[%emt 0:00:43]} Ke6 {[%emt 0:00:00]} 31. Rg3 {[%emt 0:01:10]} Kf7 {[%emt 0:00:00]} 32. Rf3+ {[%emt 0:01:07]} Ke6 {[%emt 0:00:30]} 1/2-1/2

[Event "World Junior U20 Girls 2018"]
[Site "Gebze"]
[Date "2018.09.12"]
[Round "8"]
[White "Sieber, Fiona"]
[Black "Sankova, Stella"]
[Result "1/2-1/2"]
[WhiteElo "2277"]
[BlackElo "2081"]
[Annotator "NA"]
[PlyCount "100"]
[EventDate "2018.09.05"]
[EventType "swiss"]
[EventCountry "TUR"]
[SourceTitle "playchess.com"]
[Source "ChessBase"]
[SourceQuality "1"]
[TimeControl "40/5400+30:1800+30"]

1. e4 {[%emt 0:00:30]} c5 {[%emt 0:00:30]} 2. Nf3 {[%emt 0:00:30]} d6 {[%emt 0:00:30]} 3. d4 {[%emt 0:00:30]} cxd4 {[%emt 0:00:30]} 4. Nxd4 {[%emt 0:00:00]} Nf6 {[%emt 0:00:00]} 5. Nc3 {[%emt 0:00:00]} a6 {[%emt 0:00:00]} 6. Be3 {[%emt 0:00:00]} e5 {[%emt 0:00:00]} 7. Nb3 {[%emt 0:00:00]} Be6 {[%emt 0:00:00]} 8. Qd2 {[%emt 0:00:00]} Nbd7 {[%emt 0:00:00]} 9. f3 {[%emt 0:00:00]} h5 {[%emt 0:00:00]} 10. O-O-O {[%emt 0:00:30]} Rc8 {[%emt 0:00:30]} 11. Kb1 {[%emt 0:00:30]} Be7 {[%emt 0:00:00]} 12. f4 {[%emt 0:00:00]} b5 {[%emt 0:01:00]} 13. Bd3 {[%emt 0:01:00]} Qc7 {[%emt 0:00:30]} 14. h3 {[%emt 0:05:30]} h4 {[%emt 0:02:30]} 15. Rhe1 {[%emt 0:00:00]} Bc4 {[%emt 0:00:30]} 16. Bf2 {[%emt 0:03:00]} Bxd3 {[%emt 0:01:30]} 17. cxd3 {[%emt 0:03:30]} b4 {[%emt 0:01:30]} 18. Nd5 {[%emt 0:12:30]} Nxd5 {[%emt 0:00:30]} 19. exd5 {[%emt 0:00:30]} Qb7 {[%emt 0:01:30]} 20. d4 {[%emt 0:12:30]} e4 {[%emt 0:09:30]} 21. f5 {[%emt 0:11:30]} Qxd5 {[%emt 0:13:30]} 22. Qf4 {[%emt 0:00:30]} Kf8 {[%emt 0:04:30]} 23. Qxe4 {[%emt 0:08:30]} Qxe4+ {[%emt 0:00:30]} 24. Rxe4 {[%emt 0:00:00]} d5 {[%emt 0:01:30]} 25. Rf4 {[%emt 0:04:00]} Bg5 {[%emt 0:16:30]} 26. Rf3 {[%emt 0:03:30]} Rh6 {[%emt 0:02:30]} 27. Be1 {[%emt 0:04:30]} Be7 {[%emt 0:06:30]} 28. Rf4 {[%emt 0:01:30]} Nb6 {[%emt 0:09:30]} 29. Nd2 {[%emt 0:04:30]} Nc4 {[%emt 0:02:30]} 30. Nxc4 {[%emt 0:01:30]} Rxc4 {[%emt 0:01:30]} 31. b3 {[%emt 0:01:30]} Rcc6 {[%emt 0:01:30]} 32. Rg4 {[%emt 0:04:27]} Rh5 {[%emt 0:04:52]} 33. f6 {[%emt 0:04:47]} Bxf6 {[%emt 0:01:41]} 34. Bxb4+ {[%emt 0:00:30]} Ke8 {[%emt 0:00:00]} 35. Re1+ {[%emt 0:04:19]} Kd7 {[%emt 0:00:15]} 36. Rf4 {[%emt 0:06:28]} Rg5 {[%emt 0:08:34]} 37. Re2 {[%emt 0:00:19]} Re6 {[%emt 0:00:09]} 38. Rc2 {[%emt 0:02:04]} Rc6 {[%emt 0:02:44]} 39. Bc5 {[%emt 0:01:37]} Rg3 {[%emt 0:03:52]} 40. Rf5 {[%emt 0:00:30]} Ke6 {[%emt 0:00:00]} 41. Rh5 {[%emt 0:02:59]} Re3 {[%emt 0:00:53]} 42. Rh8 {[%emt 0:03:30]} Re1+ {[%emt 0:04:30]} 43. Kb2 {[%emt 0:00:30]} Rd1 {[%emt 0:06:30]} 44. Ra8 {[%emt 0:07:30]} Kf5 {[%emt 0:09:06]} 45. Ra7 {[%emt 0:00:30]} Rxc5 {[%emt 0:06:31]} 46. Rf2+ {[%emt 0:00:30]} Ke4 {[%emt 0:00:53]} 47. Rxf6 {[%emt 0:00:00]} Rd2+ {[%emt 0:07:27]} 48. Kb1 {[%emt 0:00:00]} Rd1+ {[%emt 0:00:30]} 49. Kb2 {[%emt 0:00:00]} Rd2+ {[%emt 0:00:00]} 50. Kb1 {[%emt 0:00:00]} Rd1+ {[%emt 0:00:18]} 1/2-1/2